| 000 | 00631nab a2200205 a 4500 | ||
|---|---|---|---|
| 005 | 20210219161707.0 | ||
| 008 | 991125s1985 mx 000 0 spa u | ||
| 035 | _aUPN01000190159 | ||
| 222 | _aREVISTA MEXICANA DE INVESTIGACION EDUCATIVA | ||
| 245 | _aCultivando la educación agroecológica : el huerto colectivo urbano como espacio educativo | ||
| 300 | _a1201-1224 | ||
| 362 | 0 | _a2012 Vol. 17, no. 55 (4), oct.-dic. | |
| 653 | 0 | _aSUSTENTABILIDAD | |
| 653 | 0 | _aAGROECOLOGIA URBANA | |
| 653 | 0 | _aJALAPA, MEXICO | |
| 653 | 0 | _aEDUCACION SUPERIOR | |
| 700 | 1 | _aMercon, Juliana, | |
| 700 | 1 | _ecoaut. | |
| 905 | _aArticulo | ||
| 999 |
_c162262 _d162262 |
||